The Ordeal of Being Corona Warriors: an approach to medical and essential service providers/ (Record no. 177888)

MARC details
000 -LEADER
fixed length control field 00780nam a22002057a 4500
005 - DATE AND TIME OF LATEST TRANSACTION
control field 20210309155006.0
010 ## - LCCN (DPL NO)
LC control number ENG-129180
020 ## - INTERNATIONAL STANDARD BOOK NUMBER
International Standard Book Number 978-81-237-9195-1
Terms of availability 135.00
035 ## - SYSTEM CONTROL NUMBER
System control number EN-112712
037 ## - SOURCE OF ACQUISITION
Source of stock number/acquisition DBAD/PUB
082 ## - DEWEY DECIMAL CLASSIFICATION NUMBER
Classification number 616.24140954
100 ## - MAIN ENTRY--PERSONAL NAME
Personal name Arora, Meena
245 ## - TITLE STATEMENT
Title The Ordeal of Being Corona Warriors: an approach to medical and essential service providers/
Statement of responsibility, etc Meena Arora and Sonie Sidhu
260 ## - PUBLICATION, DISTRIBUTION, ETC. (IMPRINT)
Place of publication, distribution, etc New Delhi
Name of publisher, distributor, etc National Book Trust
Date of publication, distribution, etc 2020
270 ## - ADDRESS
City New Delhi
Postal code 110070
Address Nehru Bhawan, 5 Institutional Area, Phase-II, Vasant Kunj
300 ## - PHYSICAL DESCRIPTION
Extent xxiv+83p.
Dimensions 21cm(pbk)
Other physical details Including illustrations and bibliographical references.
500 ## - GENERAL NOTE
General note illustration: Saumya Shukla
700 ## - ADDED ENTRY--PERSONAL NAME
Personal name Sidhu, Sonie
942 ## - ADDED ENTRY ELEMENTS (KOHA)
Source of classification or shelving scheme Dewey Decimal Classification
Item type English Books
Classification part 616.24140954
Call number suffix ARO
Holdings
Withdrawn status Lost status Not for loan Collection code Home library Current library Date acquired Source of acquisition Cost, normal purchase price Full call number Barcode Copy number Cost, replacement price Koha item type
      Non-fiction Ashok Vihar Ashok Vihar 09/03/2021 DBAD/PUB 135.00 616.24140954 ARO EN-112712 1 135.00 English Books

© Delhi Public Library
Hit Counter
free hit counter